000 01258cas a22002415a 4500
001 L158736
008 15070 c201 xxkar ss eng u
035 _a(Sirsi) u158736
041 0 _aeng
110 2 _aDTZ
245 0 0 _aMoney into propertyh[electronic resource]
260 _a[S.l.]
_bDTZ
_c1975-
362 0 _a2009-
490 0 _aDTZ Money into Property
_c1975
520 _aMoney into Property has been DTZ's flagship research product for over 40 years. Having initially focused on the UK, the report is now an authoritative guide on the size, structure and trends of global investment markets. Provides a global focus and highlights trends in the market from both the debt and equity perspective. It considers recent trends in investment activity, with a focus on sixty leading cities across the globe. Drawing on the latest insight on investors? sentiment, considers the near term outlook for markets and the opportunities and risks
554 _aOne per year
650 2 4 _aDTZ MONEY INTO PROPERTY
651 4 _aInternational
690 _aCommercial property
_96227
690 _aInvestments
_96250
856 4 0 _uhttps://www.dtz.com/Global/Research
_zView the report free of charge at www.dtz.com after free registration.
942 _n0
999 _c119408
_d119408